000
00298nam a2200121Ia 4500
005
20251222154334.0
008
251222s9999||||xx |||||||||||||| ||spa||
020
_a
84-226-2555-5
082
_a
226.5/B44/Ej.2
100
_a
"Benites, Juan José"
245
0
_a
EL testamento de San Juan
942
_c
LIB
999
_c
34286
_d
34286